000 00387nam a2200145Ia 4500
008 230711s9999||||xx |||||||||||||| ||und||
041 _aENG
082 _a530
_bBU-P
100 _aFrederick J.Bueche
245 0 _aIntroduction of Physics for scientists and engineers
250 _a2nd Ed.
260 _c1989
_aNew Delhi
_bTata McGraw Hill Education Limited
650 _aPhysics
942 _cBK
999 _c54
_d54